|
|
|
|
| LEADER |
00000cam a2200000 7i4500 |
| 001 |
0000006862 |
| 002 |
000007394 |
| 005 |
20000330.0 |
| 020 |
|
|
|a 9836249052
|
| 090 |
0 |
0 |
|a F
|b FAT
|
| 100 |
1 |
|
|a Fatimah Saidin
|
| 245 |
1 |
0 |
|a Korban kasih
|c Fatimah Saidin
|
| 260 |
|
|
|a Kuala Lumpur :
|b DBP ,
|c 1995
|
| 300 |
|
|
|a 386p. ;
|c 19cm.
|
| 490 |
0 |
|
|a Sastera remaja
|
| 650 |
0 |
0 |
|a General fiction, Malay
|
| 999 |
|
|
|a 051421
|b BUKU
|c PINJAMAN
|e PERPUSTAKAAN KOMUNITI PETALING JAYA
|
| 999 |
|
|
|a 051422
|b BUKU
|c PINJAMAN
|e PERPUSTAKAAN KOMUNITI PETALING JAYA
|
| 999 |
|
|
|a 051423
|b BUKU
|c PINJAMAN
|e PERPUSTAKAAN KOMUNITI PETALING JAYA
|
| 999 |
|
|
|a 055457
|b BUKU
|c PINJAMAN
|e PERPUSTAKAAN KOMUNITI CAW KOTA DAMANSARA
|
| 999 |
|
|
|a 055458
|b BUKU
|c PINJAMAN
|e PERPUSTAKAAN KOMUNITI CAW KOTA DAMANSARA
|